Republic of fear : the inside story of Saddam's Iraq /

محفوظ في:

المؤلف الرئيسي: Makiya, Kanan (مؤلف)

التنسيق: كتاب

اللغة: English

منشور في: New York : Pantheon Books, 1990.

الطبعة: Pantheon pbk. ed.

الموضوعات:

الوسوم: إضافة وسم

لا توجد وسوم, كن أول من يضع وسما على هذه التسجيلة!

رقم الطلب: DS79.65 .K494 1990

LEADER 00849namaa2200265 4500
001 20917
003 OSt
005 20260211132734.0
008 130303t19901989nyu b 001 0 eng d
020 |a 067973502x 
040 |c ARCE Library 
043 |a a-iq--- 
050 4 |a DS79.65 .K494 1990 
100 1 |a Makiya, Kanan,  |e author 
245 1 0 |a Republic of fear :  |b the inside story of Saddam's Iraq /  |c Samir al-Khalil. 
250 |a Pantheon pbk. ed. 
264 1 |a New York :   |b Pantheon Books,   |c 1990. 
264 4 |c ©1989. 
300 |a xxii, 310 pages ;   |c 21 cm. 
500 |a Reprint, with new introduction Originally published : Berkeley : University of California Press, c1989. 
504 |a Includes bibliographical references and index. 
651 0 |a Iraq  |x Politics and government.  
901 |a reviewed 
942 |c BK  |2 lcc 
999 |c 18463  |d 18463